Truyện kể Bác Hồ với ngành giáo dục
Nội dung về một số bài nói, bài viết và thư của Bác Hồ về Ngành Giáo dục và những chuyện kể về Bác Hồ với sự nghiệp giáo dục.
Enregistré dans:
| Autres auteurs: | |
|---|---|
| Format: | Livre |
| Langue: | Vietnamese |
| Publié: |
H.
Dân trí
2019
|
| Sujets: | |
| Tags: |
Ajouter un tag
Pas de tags, Soyez le premier à ajouter un tag!
|
| Thư viện lưu trữ: | Thư viện Trường Đại học Nam Cần Thơ |
|---|
| LEADER | 01014nam a22001937a 4500 | ||
|---|---|---|---|
| 001 | NCT_77631 | ||
| 008 | 200328b xxu||||| |||| 00| 0 vie d | ||
| 999 | |c 3781 |d 3781 | ||
| 020 | |a 9786048873042 |c 72000 | ||
| 082 | 0 | 4 | |2 23rd ed. |a 370 |b Tr527k |
| 245 | 0 | 0 | |a Truyện kể Bác Hồ với ngành giáo dục |c Phan Thị Ánh Tuyết ( sưu tầm, tuyển chọn) |
| 260 | |a H. |b Dân trí |c 2019 | ||
| 300 | |a 211 tr |c 21cm | ||
| 520 | 3 | |a Nội dung về một số bài nói, bài viết và thư của Bác Hồ về Ngành Giáo dục và những chuyện kể về Bác Hồ với sự nghiệp giáo dục. | |
| 653 | |a Kinh tế chính trị | ||
| 700 | 1 | |a Phan Thị Ánh Tuyết |e sưu tầm, tuyển chọn | |
| 942 | |2 ddc |c BK | ||
| 952 | |0 0 |1 0 |2 ddc |4 0 |6 370_000000000000000_TR527K |7 0 |9 19325 |a 000001 |b 000001 |d 2020-03-28 |o 370 Tr527k |p MD.16894 |r 2020-03-28 |v 72000.00 |w 2020-03-28 |y BK | ||
| 980 | |a Thư viện Trường Đại học Nam Cần Thơ | ||


